Rhytms in biology and other fields of application: deterministic and stochastic approaches

Salvato in:
Dettagli Bibliografici
Autori principali: Cosnard, M (Autore), Demongeot, J (Autore), Breton, A le (Autore)
Natura: Libro
Lingua:inglese
Pubblicazione: Berlín Springer-Verlag 1983
Serie:Lecture Notes in Biomathematics, 49
Soggetti:
Tags: Aggiungi Tag
Nessun Tag, puoi essere il primo ad aggiungerne!!

MARC

LEADER 00000nam a2200000 a 4500
001 UCS0931
003 CL-VaPUC
005 20230112074259.0
008 970428e19830000gw 1 eng d
082 0 4 |a 570.15195  |b COS  |2 21 
100 1 |a Cosnard, M  |e author  |9 618385 
700 1 |a Demongeot, J  |e author  |9 618386 
700 1 |a Breton, A le  |e author  |9 618387 
245 1 0 |a Rhytms in biology and other fields of application: deterministic and stochastic approaches 
260 |a Berlín  |b Springer-Verlag  |c 1983 
300 |a 400 p 
490 0 |a Lecture Notes in Biomathematics, 49 
583 |a last modification  |c 19970428 00:00:00  |k Rodrigo Vera 
650 0 7 |a BIOMATEMATICAS  |2 CL-VaPUC  |9 260148 
650 0 0 |a Biología  |9 262022 
650 0 7 |a MODELOS BIOLOGICOS  |2 CL-VaPUC  |9 354918 
650 0 0 |a Congresos  |9 257560 
942 |c BK 
945 |a rleighto  |d 19970428 00:00:00 
546 |a En Inglés 
518 |p Proceedings of the Journees de la Soceite Mathematique de France, held, Lumity, France, September 14-18, 1981 
999 |c 382928  |d 382926